[Event "21st Dubai Open 2019"]
[Site "Dubai"]
[Date "2019.04.06"]
[Round "5.26"]
[White "Koniahli, Malek."]
[Black "Divya Deshmukh"]
[Result "1/2-1/2"]
[WhiteElo "2299"]
[BlackElo "2432"]
[Annotator "TA"]
[PlyCount "133"]
[EventDate "2019.04.01"]
[EventType "swiss"]
[EventCountry "UAE"]
[SourceTitle "playchess.com"]
[Source "ChessBase"]
[SourceQuality "1"]

{[%evp 20,133,-14,-22,-20,-25,-18,-25,23,-34,24,-27,41,44,42,45,42,55,39,56,51,-55,-48,-45,126,74,82,81,118,101,119,67,59,49,51,0,0,-44,-39,-66,-66,-66,-66,-66,-66,-66,0,0,0,0,0,0,0,0,0,-8,0,0,0,0,0,0,0,0,0,-31,-31,-31,-31,-31,-8,-8,0,0,0,0,0,0,0,-8,-8,-8,-8,-68,-68,-68,-68,-68,-8,-68,-68,-68,-68,-68,-68,-68,-68,-68,0,0,0,-68,-68,-68,-68,-68,0,0,0,0,0,0,0,0,0,0]} 1. Nf3 Nf6 2. g3 d5 3. Bg2 Bf5 4. O-O e6 5. c4 c6 6. b3 Be7 7. Bb2 O-O 8. d3 h6 9. Nbd2 a5 10. a3 Nbd7 11. Ra2 Qb6 {A12: English Opening: 1...c6 with b3 by White} (11... Bh7 12. Qa1 Ne8 13. Rc1 Bf6 14. b4 Nc7 15. Nb3 axb4 16. axb4 dxc4 17. dxc4 Qe7 18. Bxf6 Nxf6 19. Nc5 b6 {1-0 (34) Almasi,Z (2689)-Antal,G (2553) Budapest 2018}) 12. Qa1 Rfd8 13. Bc3 Bc5 {[#]Black has an edge.} 14. h3 (14. b4 $1 $11 {[%mdl 512]} axb4 15. axb4 Rxa2 16. Qxa2 Bxb4 17. Rb1) 14... Bh7 $146 (14... Qa7 $15) ({Predecessor:} 14... Bf8 15. b4 axb4 16. axb4 Rxa2 17. Qxa2 Bxb4 18. Bxb4 Qxb4 {0-1 (36) Waligora,F-Schmidt,W Germany North 1978}) 15. Qb2 ({Better is} 15. b4 axb4 16. axb4 Rxa2 17. Qxa2 Bxb4 18. Rb1) 15... e5 (15... Qa7 $11) 16. b4 $14 ({Not} 16. Nxe5 $2 d4 $19) 16... axb4 17. axb4 Rxa2 18. Qxa2 Bxb4 19. Rb1 $36 {[%mdl 2048] Black is under pressure.} c5 {With the idea ...e4.} 20. Nxe5 ({White should play} 20. Ne1 $14) 20... Nxe5 $15 21. Bxe5 {[%cal Rc4d5]} d4 $2 (21... Qe6 $15 {stays ahead.} 22. Bxf6 gxf6) 22. Bxf6 (22. Nf3 $142) 22... Qxf6 $16 23. Bxb7 Qe6 24. Nf3 Re8 {[#]} 25. Nxd4 (25. Rb2 $1 $16) 25... cxd4 $14 26. Rxb4 {And now Bd5 would win.} Bxd3 27. Qd2 (27. Bd5 $14 Qxe2 28. Qxe2 Rxe2 29. c5) 27... Bxe2 $11 28. Qxd4 Bf3 $1 ({Much weaker is} 28... Qxh3 $6 29. Bg2 $16) 29. Qe3 Qxe3 30. fxe3 $15 {[%mdl 4096] Endgame KRB-KRB} Rb8 31. e4 {[#]} Bxe4 $1 {[%mdl 576] Pin} 32. c5 {[#]} (32. Bxe4 Rxb4) 32... Bf3 (32... Bd5 $1 $15 {[%mdl 512]} 33. Rd4 (33. Bxd5 Rxb4) 33... Bxb7) 33. Rb3 $1 $11 Rxb7 (33... Bc6 $5 34. Rb6 $8 Rxb7 35. Rxc6 Kf8 $11) 34. Rxf3 {KR-KR} Rb1+ 35. Kg2 Rc1 36. Rf5 Kf8 37. Re5 Rc3 38. h4 g6 39. h5 f6 40. Rd5 g5 41. Kh3 Ke7 42. Kg2 Ke6 43. Rd8 Kf5 {Hoping for ...Kg4.} 44. Rh8 Kg4 45. Rxh6 Rc2+ 46. Kf1 Rxc5 {White must now prevent ...f5.} 47. Rxf6 Kxh5 48. Kg2 Kg4 49. Ra6 Rc2+ 50. Kg1 $1 Kh3 ({Don't take} 50... Kxg3 51. Ra3+ Kf4 52. Ra4+ Kg3 53. Ra3+ Kf4 54. Ra8 $17) 51. Ra1 (51. g4 $1 $11) 51... g4 $15 52. Rb1 Rg2+ 53. Kh1 $1 Rxg3 (53... Rf2 $15 54. Kg1 Rg2+ 55. Kh1 Ra2) 54. Rb6 (54. Rb2 $1 $11 Rd3 55. Rh2+ Kg3 56. Rg2+ Kh4 57. Rh2+ Kg3 58. Rg2+ Kh4 59. Rb2) 54... Rc3 {[%cal Rc3c1]} 55. Rb1 $1 Rc2 56. Rb3+ $1 g3 {[%cal Rc2c1]} 57. Rb1 Re2 58. Rc1 Kg4 (58... Re4 $15 59. Ra1 Rf4) 59. Rc3 $11 Ra2 60. Rb3 (60. Rc8 $11) 60... Kh3 $15 {( -> ...Ra1+)} 61. Rb1 Ra3 62. Rc1 Kg4 (62... Rb3 $15 63. Kg1 Rb4) 63. Kg1 $11 {The position is equal.} Rb3 {White should prevent ...Kh3.} 64. Rc8 $1 Rb1+ 65. Kg2 Rb2+ 66. Kg1 Rb1+ 67. Kg2 {Accuracy: White = 62%, Black = 50%.} 1/2-1/2

[Event "21st Dubai Open 2019"]
[Site "Dubai"]
[Date "2019.04.06"]
[Round "5.27"]
[White "Shyaamnikhil P"]
[Black "Srihari L R"]
[Result "1/2-1/2"]
[WhiteElo "2429"]
[BlackElo "2263"]
[Annotator "TA"]
[PlyCount "99"]
[EventDate "2019.04.01"]
[EventType "swiss"]
[EventCountry "UAE"]
[SourceTitle "playchess.com"]
[Source "ChessBase"]
[SourceQuality "1"]

{[%evp 9,99,54,58,29,62,38,70,52,116,35,99,77,83,41,70,70,66,-16,21,12,14,14,12,0,-6,-67,-80,-101,-96,-99,-104,-89,-100,-90,-89,-185,-206,-193,-198,-231,-234,-408,-415,-421,-411,-492,-496,-472,-343,-358,-359,-349,-241,-233,-192,-214,-199,-223,-201,-216,-226,-290,-249,-299,-147,-214,0,-282,0,-211,-75,-82,-83,-68,-46,-69,-8,-8,-8,-12,0,0,0,0,0,-8,20,0,0,0,0,-8]} 1. e4 g6 2. d4 Bg7 3. Be3 d6 4. f3 Nd7 5. Qd2 c5 6. c3 {B06: Modern Defence} b6 $146 ({Predecessor:} 6... Ngf6 7. Bd3 O-O 8. Ne2 cxd4 9. cxd4 e5 10. d5 Nc5 {0-1 (46) Poghosyan,T (2080)-Solodovnichenko,Y (2569) Neustadt an der Weinstrasse 2017}) 7. h4 h6 8. Ne2 {White is slightly better.} Ba6 ({Better is} 8... h5 $14) 9. a4 (9. h5 $1 $16) 9... e5 (9... h5 $14) 10. Na3 Ne7 11. dxe5 Nxe5 12. Nf4 Bxf1 13. Kxf1 (13. Rxf1 $14 d5 14. exd5) 13... Qd7 14. Nd5 Nxd5 15. Qxd5 O-O 16. h5 g5 17. Nc2 (17. Nc4 $11) 17... Kh8 $15 18. Bf2 f5 19. exf5 Qxf5 20. Ne3 Qf4 $1 21. Kg1 Rae8 22. Nf1 (22. Rh3 $17 {keeps fighting.}) 22... g4 $1 $19 {[%cal Rg4f3]} 23. Bg3 {[#]} Qf5 $1 24. fxg4 Qxg4 25. Rh3 $2 {[#]} (25. Bxe5 Rxe5 26. Qd3) 25... Nf3+ $1 {[%mdl 512]} 26. Kh1 (26. gxf3 Qxh3) 26... Ng5 27. Nh2 Qe2 28. Rh4 Qxb2 29. Rg1 Qxc3 ({But not} 29... Bxc3 30. Ng4 $19) 30. Rg4 Qc2 31. Qxd6 Ne4 32. Qc7 {[%csl Gg4][%cal Rc7g7]} Nxg3+ 33. Qxg3 Rf7 34. Nf3 Qf5 35. Qh3 Re3 36. Rd1 Rd7 (36... Kh7 $19 37. Rc1 Rb3) 37. Rf1 (37. Rxd7 $17 Qxd7 38. Qh4) 37... Rf7 38. Rd1 $1 Rd7 39. Rf1 c4 (39... Rd8 $19 {is more deadly. Strongly threatening ...Rf8.} 40. Rg6 Qxh3+ 41. gxh3 Rd5) 40. Rxc4 $17 Qxh3+ 41. gxh3 Kh7 42. Kg2 Rc3 (42... Red3 $15) 43. Rxc3 $11 {The position is equal.} Bxc3 {[%mdl 4096] Endgame KRB-KRN} 44. Rc1 Bb4 45. Ne5 Rd2+ 46. Kf3 Bc5 47. a5 Rh2 48. axb6 axb6 49. Nd7 Rxh3+ 50. Ke4 {Precision: White = 46%, Black = 43%.} 1/2-1/2

[Event "21st Dubai Open 2019"]
[Site "Dubai"]
[Date "2019.04.06"]
[Round "5.28"]
[White "Tokhirjonova, Gulrukhbegim"]
[Black "Mulenga, Prince Daniel"]
[Result "0-1"]
[WhiteElo "2427"]
[BlackElo "2252"]
[Annotator "TA"]
[PlyCount "142"]
[EventDate "2019.04.01"]
[EventType "swiss"]
[EventCountry "UAE"]
[SourceTitle "playchess.com"]
[Source "ChessBase"]
[SourceQuality "1"]

{[%evp 28,142,18,16,12,13,10,9,33,24,16,11,12,-9,-6,0,0,-54,-54,-98,83,116,88,52,47,0,0,0,0,-13,-19,-16,-25,-23,-20,-15,-18,-19,-14,-26,-8,-29,-14,-45,0,-95,-103,-121,-113,-98,-120,-112,-48,-66,-79,-70,-64,-61,0,-91,-91,-296,-274,-473,-508,-508,-499,-480,-477,-458,-441,-775,-696,-29989,-870,-929,-506,-754,-743,-629,-614,-611,-599,-577,-575,-556,-493,-519,-530,-550,-592,-762,-762,-762,-762,-741,-718,-712,-693,-660,-625,-588,-587,-29962,-7740,-29974,-12197,-29972,-29973,-29971,-29971,-29976,-29978,-29973,-29979,-29979,-29968]} 1. e4 e5 2. Nf3 Nc6 3. Bb5 a6 4. Ba4 Nf6 5. O-O Be7 6. Re1 b5 7. Bb3 d6 8. c3 O-O 9. d4 Bg4 10. Be3 exd4 11. cxd4 Na5 12. Bc2 Nc4 13. Bc1 c5 14. b3 Nb6 15. Nbd2 Rc8 {C91: Closed Ruy Lopez: 7...d6 8 c3 0-0 9 d4} 16. h3 (16. Bb2 Nfd7 17. Qb1 g6 18. h3 Bxf3 19. Nxf3 cxd4 20. Nxd4 Bf6 21. Qd1 Ne5 22. Rc1 Bg5 23. Rb1 {½-½ (53) Giri,A (2778)-Carlsen,M (2850) London 2015}) 16... Bh5 $1 17. Bb2 c4 {The position is equal.} 18. bxc4 Nxc4 19. Nxc4 bxc4 20. Bc3 d5 21. e5 Ne8 {[#]} 22. Bf5 $146 ({White should try} 22. Rb1 $11) ({Predecessor:} 22. Rb1 Rb8 {1-0 (35) Guliyev,N (2552)-Kambrath,Y (2399) Paris 2015}) 22... Rb8 $15 23. Qa4 Bg6 $2 (23... Bxf3 $17 24. gxf3 Nc7) 24. Ba5 $16 Nc7 25. Bd7 Rb5 26. Bxb5 axb5 27. Qd1 Qd7 28. Qd2 Ne6 29. a3 Be4 {Strongly threatening ...Bxf3.} 30. Re3 Ra8 31. Rd1 $1 h6 32. Bb4 Bd8 33. Qc1 Bg6 34. Ree1 Qa7 35. Qe3 Bb6 36. Bc3 (36. Rd2 $11) 36... Qxa3 $17 37. Ra1 Qf8 38. Rxa8 Qxa8 39. Ra1 Qd8 (39... Qb7 $17 40. Ra2 Bh5) 40. Ra2 $15 Be4 41. Nd2 Bd3 {And now ...b4! would win.} 42. Nf3 Be4 ({Black should play} 42... Qd7 $15) 43. Rb2 {[#]} (43. Nd2 $1 $11 {keeps the balance.} Bd3 44. Nf3) 43... Bxf3 $1 $17 44. gxf3 $2 (44. Qxf3 $17 {was forced.} Bxd4 45. Rxb5) 44... Ba5 $19 45. Rxb5 $2 (45. f4 {keeps fighting.} Bxc3 46. Qxc3) 45... Bxc3 46. Qxc3 {[%mdl 4096] Endgame KQR-KQN} Qg5+ 47. Kf1 Nf4 48. Rb8+ Kh7 49. Qe3 (49. Qc2+ $142 g6 50. Ke1) 49... Qf5 50. Qa3 Qxh3+ (50... Qc2 $142 51. Qa1 Qd3+ 52. Kg1 Qg6+ 53. Kf1 Qg2+ {[%mdl 64] Double Attack} 54. Ke1 Qh1+ 55. Kd2 Qxa1 56. Kc2 Nd3 57. Rb1 Qa2+ 58. Kd1 Qxb1+ 59. Kd2 Qe1+ {[%mdl 64] Double Attack} 60. Kc2 Qc1#) 51. Ke1 Qh1+ 52. Kd2 Nd3 53. Kc2 Qxf3 54. Qf8 Qxf2+ {[%mdl 64] [#] Double Attack} 55. Kb1 Qxd4 56. Qxf7 {Intending Qf5+ and mate.} Qxe5 57. Qg8+ Kg6 58. Rb6+ Kh5 59. Qf7+ Kh4 {( -> ...Qe1+)} 60. Qf1 Qe1+ 61. Qxe1+ Nxe1 {KR-KN} 62. Rg6 d4 63. Rxg7 Nf3 64. Kc2 h5 65. Rc7 Kg3 66. Rxc4 h4 67. Rc8 h3 {Black mates.} 68. Rg8+ Kf2 69. Rh8 h2 70. Kd3 Kg3 71. Rg8+ Kh3 {Accuracy: White = 38%, Black = 75%.} 0-1

[Event "21st Dubai Open 2019"]
[Site "Dubai"]
[Date "2019.04.06"]
[Round "5.29"]
[White "Haug, Johannes"]
[Black "Panda Sambit"]
[Result "1-0"]
[WhiteElo "2424"]
[BlackElo "2218"]
[Annotator "TA"]
[PlyCount "63"]
[EventDate "2019.04.01"]
[EventType "swiss"]
[EventCountry "UAE"]
[SourceTitle "playchess.com"]
[Source "ChessBase"]
[SourceQuality "1"]

{[%evp 9,63,6,8,6,8,0,2,-10,0,-7,0,-11,0,-6,0,0,6,9,10,18,50,48,38,32,270,268,263,248,263,275,245,219,345,331,327,307,575,560,575,564,793,773,784,651,677,676,660,639,1239,1237,913,678,662,657,623,619]} 1. d4 Nf6 2. Nf3 e6 3. e3 b6 4. b3 Bb7 5. Bb2 c5 (5... d5 6. c4 Nbd7 7. Nbd2 Bd6 8. Bd3 Ne4 9. Rc1 O-O 10. O-O Qe7 11. Ne5 Nxd2 12. Qxd2 Nxe5 13. dxe5 Bb4 14. Qc2 h6 15. cxd5 Bxd5 16. e4 Bb7 17. Qxc7 Rfd8 18. Qxe7 Bxe7 {½-½ (31) Nakamura,H (2792)-Nepomniachtchi,I (2751) Saint Louis 2017}) 6. Bd3 {A47: 1 d4 Nf6 2 Nf3 b6: Torre, London and Colle Systems} Nc6 7. a3 g6 8. Nbd2 {The position is equal.} cxd4 9. exd4 {With the idea d5!} Bg7 10. O-O O-O 11. Rc1 $146 ({Predecessor:} 11. Re1 d6 12. Nf1 Nd5 13. Qd2 Qf6 14. Re4 {1-0 (37) Gagloshvili,R (2215)-Alpert,A (2300) Ceske Budejovice 1996}) 11... Nh5 12. Re1 d6 13. c4 Re8 14. b4 e5 {[%cal Rc6d4]} 15. d5 Ne7 16. Ne4 $36 {[%mdl 2048] Black is under pressure.} f5 $2 {[#]} ({Better is} 16... Nf6 $14) 17. Nxd6 $1 $18 {[%mdl 512]} Qxd6 {[#]} 18. c5 $1 {[%cal Rc5d6]} Qd7 {Threatens to win with ...e4.} 19. c6 Nxc6 {[#] ...Nd4 is the strong threat.} 20. Bb5 $1 {[%mdl 64] Pin} ({Much less strong is} 20. dxc6 $6 Bxc6 21. Nxe5 Bxe5 $16) 20... a6 (20... e4 $142) 21. dxc6 ({Less strong is} 21. Bxc6 Bxc6 22. dxc6 Qxd1 $14) 21... Qxd1 22. Rexd1 axb5 $2 (22... Bc8) 23. cxb7 {White is clearly winning.} Rab8 24. Rc7 e4 25. Bxg7 exf3 26. Ba1 Nf4 27. gxf3 Ne6 28. Rcd7 Ng5 29. Kg2 Nf7 30. Rc1 Red8 31. Rxd8+ Nxd8 32. Rc8 {Accuracy: White = 84%, Black = 36%.} 1-0

[Event "21st Dubai Open 2019"]
[Site "Dubai"]
[Date "2019.04.06"]
[Round "5.30"]
[White "Dimakiling, Oliver"]
[Black "Gandhi, Anish"]
[Result "1-0"]
[WhiteElo "2404"]
[BlackElo "2202"]
[Annotator "TA"]
[PlyCount "123"]
[EventDate "2019.04.01"]
[EventType "swiss"]
[EventCountry "UAE"]
[SourceTitle "playchess.com"]
[Source "ChessBase"]
[SourceQuality "1"]

{[%evp 11,123,16,31,21,28,16,50,0,11,11,16,0,100,96,136,125,139,51,199,190,179,201,200,197,210,155,243,192,229,162,153,89,114,-68,-53,-54,-45,-56,-39,-48,0,-7,-26,-15,-7,-41,0,0,0,-39,-13,-27,-35,-35,0,-17,-10,-16,-16,-18,-20,-18,25,-149,-152,-168,-171,-217,-215,-222,-81,-67,-67,-72,-75,-77,-60,-62,-43,-62,-40,-35,-37,-79,-31,-45,-4,-15,103,104,101,93,83,97,158,174,243,212,237,232,366,311,232,237,1179,1008,4766,2672,29944,12837,5708,5595,4810,4710]} 1. c4 Nf6 2. Nc3 c5 3. Nf3 d5 4. cxd5 Nxd5 5. g3 g6 6. Bg2 Bg7 7. h4 {A34: Symmetrical English: 2 Nc3, lines with ...d5} Nc6 8. h5 Bf5 9. Nh4 {White is slightly better.} Nxc3 10. bxc3 Be6 11. Rb1 Bxa2 $146 (11... Qd7 $11) ({Predecessor:} 11... Qd7 12. Qa4 Rc8 13. Nf3 Bf5 14. Rb2 b6 15. hxg6 hxg6 16. Rxh8+ Bxh8 {0-1 (45) Dobrov,V (2499)-Ragger,M (2697) Wijk aan Zee 2017}) 12. Rxb7 $16 Bd5 13. Qa4 $36 {[%mdl 2048] White is in control.} Rc8 14. Nf3 (14. Rb5 $16) 14... Kf8 (14... Qa5 $14 15. Qxa5 Nxa5 16. Rxa7 Nb3) 15. e4 $18 Be6 16. h6 $1 {[%cal Rh6g7]} Bf6 17. O-O g5 18. d4 g4 (18... cxd4 $16 {was called for.} 19. Nxd4 (19. Bxg5 dxc3 20. Rd1 Qa5 $14) (19. Nxg5 dxc3 20. Rd1 Qe8 $16) 19... Nxd4 20. cxd4 Qxd4 21. Qxd4 (21. Rxa7 Qxa4 22. Rxa4 Rg8 $14) 21... Bxd4) 19. Ng5 cxd4 {[#]} 20. e5 $1 {[%mdl 512]} Bxg5 (20... Nxe5 21. cxd4) 21. Bxg5 (21. Bxc6 $142 Bxc1 22. Rxc1) 21... Bd5 22. c4 $2 ({White should play} 22. Bxd5 $16 Qxd5 23. cxd4) 22... Bxg2 $15 23. Kxg2 Rg8 24. Bf4 Rg6 25. Rd1 Rb8 26. Rxb8 Qxb8 27. Qb5 Qc8 28. Qd5 Re6 29. Qe4 Rg6 30. Rb1 Qd7 31. Rb5 Ke8 32. Qb1 Nd8 33. Rd5 Qb7 34. Qxb7 Nxb7 35. Rxd4 $11 {[%mdl 4096] Endgame KRB-KRN} a5 {[%cal Ba7a5,Ba5a4,Ba4a3][%mdl 32]} 36. Be3 a4 {[#] aiming for ...a3.} 37. Rd5 $2 ({Better is} 37. c5 $1 $11 {[%mdl 512]}) 37... Ra6 $1 $17 38. Rb5 Nd8 39. Bd4 a3 ({Less strong is} 39... Rxh6 40. Rb8 $15 (40. Ra5 Nc6 $15)) 40. Ba1 Rxh6 (40... a2 $19 {has better winning chances. Threatens to win with ...Ra4.} 41. f4 Ra4) 41. Ra5 Rc6 42. Ra4 Ne6 43. Kf1 h5 44. Ke2 Kf8 45. Ke3 Kg7 46. Bd4 $1 Kg6 47. Ke4 Rc7 {Strongly threatening ...a2!} 48. Be3 {[#]} a2 $1 {[%mdl 512] ...Rxc4+! is the strong threat.} 49. Kd3 (49. Rxa2 Rxc4+) 49... Nc5+ (49... Kf5 $11 {remains equal.}) 50. Bxc5 $1 $16 Rxc5 {KR-KR} 51. Kd4 Rc8 52. Rxa2 Kf5 {[#]} ({Black should try} 52... f5) 53. c5 $1 {[%cal Bc4c5,Bc5c6,Bc6c7][%mdl 32]} Rd8+ (53... e6 $142 54. Ra6 Rd8+ 55. Rd6 Ra8) 54. Kc4 $18 Kxe5 {[#]} 55. Re2+ $1 Kf6 (55... Kf5 $142 56. c6 (56. Rxe7 Rd2 $16) 56... Rd1 57. Rxe7 Rf1) 56. Kb5 e5 57. c6 {[%mdl 1024] Hoping for c7. White has strong compensation.} Ke6 $2 (57... Rd1 58. c7 Rc1) 58. c7 Rh8 59. Kc6 f5 60. Rd2 Rc8 61. Rd6+ Ke7 62. Rh6 {Accuracy: White = 63%, Black = 36%.} 1-0

[Event "21st Dubai Open 2019"]
[Site "Dubai"]
[Date "2019.04.06"]
[Round "5.31"]
[White "Abelgas, Roel"]
[Black "Sundararajan, Kidambi"]
[Result "1/2-1/2"]
[WhiteElo "2256"]
[BlackElo "2413"]
[Annotator "TA"]
[PlyCount "60"]
[EventDate "2019.04.01"]
[EventType "swiss"]
[EventCountry "UAE"]
[SourceTitle "playchess.com"]
[Source "ChessBase"]
[SourceQuality "1"]

{[%evp 13,60,12,12,-32,-22,-23,-12,-14,-6,-12,15,-37,-32,-35,-33,-48,0,8,25,12,115,85,150,138,127,21,24,26,102,103,100,72,70,10,35,0,0,0,0,0,0,0,0,0,0,0,0,0,1]} 1. d4 Nf6 2. Nf3 g6 3. c4 Bg7 4. Nc3 d5 5. e3 O-O 6. b4 Bg4 7. Bb2 c6 8. Qb3 {D94: Grünfeld: 4 Nf3 Bg7 5 e3} (8. h3 Bxf3 9. gxf3 Nbd7 10. f4 a5 11. b5 a4 12. Rc1 Qa5 13. Qd2 dxc4 14. bxc6 bxc6 15. Bxc4 c5 {½-½ (50) Kamsky,G (2763)-Gelfand,B (2773) Beijing 2013}) 8... Bxf3 9. gxf3 dxc4 10. Qxc4 Nbd7 11. f4 a5 $146 ({Predecessor:} 11... Nb6 12. Qd3 Nbd5 13. Bg2 Qd6 14. b5 a6 15. bxc6 bxc6 {1-0 (42) Henttinen,M (2285)-Szilagyi,G (2340) Budapest 1981}) 12. bxa5 ({Better is} 12. b5 $11) 12... Qxa5 $15 13. Bg2 Nb6 14. Qb3 $1 c5 (14... Na4 $15) 15. dxc5 $11 Qxc5 16. Rc1 $36 {[%mdl 2048] Black is under pressure.} (16. Bxb7 $2 Rab8 $19) 16... Ng4 (16... Qa5 $11) 17. Nb5 $16 (17. Bxb7 $6 Rab8 $14) 17... Qh5 {aiming for ...Qh4.} 18. Bxg7 ({Much weaker is} 18. Bxb7 Bxb2 19. Qxb2 Rab8 $11) 18... Kxg7 {[#]} 19. h3 ({Resist} 19. Bxb7 Rab8 $11) (19. Bf3 $1 $16 {Threatens to win with h3.} Qh4 20. Bxg4 Qxg4 21. Nc7 {[%mdl 64] Discovered Attack}) 19... Nf6 $11 20. O-O {And now Nc7 would win.} Nbd5 (20... Nbd7 $11) 21. Nc7 $16 Ra5 22. Qxb7 (22. Nxd5 {looks sharper.} Nxd5 23. Qxb7 e6 24. Qb2+ Nf6 25. Rc4) 22... Nxc7 23. Rxc7 ({White should try} 23. Qxc7 $14 e6 24. Rc2) 23... e5 $1 $11 24. Rc4 (24. Qb4 $5 {[%cal Rb4a5]} exf4 25. Qxf4 $14 (25. exf4 Rxa2 26. Qd4 Qe2 $11)) 24... exf4 {The position is equal.} 25. Rxf4 Rxa2 26. Qe7 Ra6 27. Qb7 Re6 28. Qb2 Qe5 29. Qd4 Qxd4 30. Rxd4 Rfe8 {Accuracy: White = 35%, Black = 45%.} 1/2-1/2

[Event "21st Dubai Open 2019"]
[Site "Dubai"]
[Date "2019.04.06"]
[Round "5.32"]
[White "Franco Valencia, Angela"]
[Black "Manush Shah"]
[Result "0-1"]
[WhiteElo "2141"]
[BlackElo "2405"]
[Annotator "TA"]
[PlyCount "50"]
[EventDate "2019.04.01"]
[EventType "swiss"]
[EventCountry "UAE"]
[SourceTitle "playchess.com"]
[Source "ChessBase"]
[SourceQuality "1"]

{[%evp 9,50,-72,-37,-100,-99,-137,-91,-97,-96,-95,-93,-133,-113,-167,-164,-179,-175,-264,-252,-319,-327,-309,-216,-330,-321,-378,-364,-354,-339,-298,-303,-377,-351,-553,-530,-710,-727,-943,-969,-29992,-29993,-29998,-29999]} 1. e4 c6 2. Ne2 d5 3. e5 d4 (3... Bf5 4. Ng3 Bg6 5. h4 h6 6. h5 Bh7 7. e6 Qd6 8. exf7+ Kxf7 9. d4 e5 10. dxe5 Qxe5+ 11. Be2 Bc5 {0-1 (55) Mamedov,R (2703)-Van Foreest,J (2614) Skopje 2018}) 4. c3 c5 5. cxd4 cxd4 6. Qa4+ {B10: Caro-Kann: 2 d3 and 2 c4} ({White should play} 6. d3 $15) 6... Nc6 $17 7. Nf4 $146 ({Predecessor:} 7. Na3 Bd7 8. Nxd4 Nxe5 9. Qb3 Nc6 10. Bc4 e6 11. Nxc6 Bxc6 {0-1 (23) Kafetzis,G (1958)-Gavriilidis,G (2126) Kalamaria 2010}) 7... g5 8. Nd3 {Black is better.} Qd5 9. f3 Bg7 10. Be2 Bd7 11. O-O (11. Qb3 $17 Qxb3 12. axb3) 11... Nxe5 $19 12. Qa3 Nh6 13. Nb4 (13. Qc5 {is a better defense.} Qe6 14. Nxe5) 13... Qc5 {[#] Strongly threatening ...d3+.} 14. Kh1 Rc8 15. Nd3 Qc2 16. b4 (16. Nxe5 $142 Bxe5 17. Qa5) 16... O-O 17. Nxe5 Bxe5 {[%cal Bg7e5,Be5h2,Bh2e5][%mdl 32]} 18. Bd3 Qc7 19. Bb2 a6 20. Be4 Nf5 21. Re1 (21. f4 {was worth a try.} Bxf4 22. Qf3) 21... Bxh2 22. Bxf5 Bxf5 23. Bxd4 Qg3 24. Re5 Qh4 25. Rxf5 Be5+ {Precision: White = 14%, Black = 88%.} 0-1

[Event "21st Dubai Open 2019"]
[Site "Dubai"]
[Date "2019.04.06"]
[Round "5.33"]
[White "Dhulipalla Bala Chandra Prasa"]
[Black "Wang, Shanshan"]
[Result "1-0"]
[WhiteElo "2384"]
[BlackElo "2116"]
[Annotator "TA"]
[PlyCount "81"]
[EventDate "2019.04.01"]
[EventType "swiss"]
[EventCountry "UAE"]
[SourceTitle "playchess.com"]
[Source "ChessBase"]
[SourceQuality "1"]

{[%evp 17,81,44,39,39,38,28,34,0,0,0,0,-11,29,28,17,14,59,65,97,66,67,27,52,0,68,66,85,98,116,92,131,69,152,158,158,153,148,122,133,125,128,122,122,122,130,119,119,119,138,138,138,138,209,134,236,209,312,287,613,600,885,543,1179,1177,1025,997]} 1. d4 Nf6 2. c4 g6 3. g3 Bg7 4. Bg2 c5 5. d5 d6 6. Nc3 O-O 7. Nf3 Na6 8. O-O Nc7 9. e4 Bg4 10. Qc2 {E64: King's Indian: Fianchetto: 6...c5 7 d5} (10. a4 Qd7 11. Bg5 e5 12. Qd2 Nh5 13. Ne1 f6 14. Be3 Bh3 15. Bxh3 Qxh3 16. f3 f5 17. Qg2 Qxg2+ 18. Kxg2 {½-½ (30) Marin,M (2548)-Iturrizaga Bonelli,E (2603) Sabadell 2011}) 10... Rb8 11. Re1 a6 12. h3 $146 {White is slightly better.} ({Predecessor:} 12. Bd2 b5 13. b3 Bxf3 14. Bxf3 e6 15. Rad1 exd5 16. exd5 Qd7 {½-½ (16) Stahlberg,G-Pachman,L Bucharest 1954}) 12... Bxf3 $1 13. Bxf3 b5 {[%cal Bb7b5,Bb5b4][%mdl 32]} 14. Be2 b4 15. Na4 Nd7 16. Be3 e5 17. Bd3 f6 18. Rad1 Rf7 19. Rf1 Qf8 20. Qd2 ({White should play} 20. Be2 $14) 20... Qe8 (20... f5 $11 21. exf5 gxf5) 21. b3 $14 a5 22. Bc2 Na6 23. Kg2 Qe7 24. h4 (24. g4 $16) 24... Kh8 {[#]} (24... f5 $1 $14) 25. h5 $1 $16 g5 26. Rde1 h6 27. Bd1 f5 28. exf5 e4 29. f4 {[%cal Rf4g5]} exf3+ 30. Bxf3 Be5 31. g4 Qf6 32. Re2 Nb6 33. Nxb6 Rxb6 34. Bf2 Nc7 (34... Re7 $16 35. Bg3 Bc3) 35. Re4 Kg7 (35... Rb8 $16 36. Rh1 Re7) 36. Qe2 Rb8 {[#]} (36... Bf4 {was called for.} 37. Re1 Ra6) 37. Bxc5 $1 $18 {[%mdl 576] Deflection} dxc5 $2 (37... Na6) 38. Rxe5 {White is clearly winning.} Qd6 39. Re1 Kf8 40. Qb2 {Re8+! would kill now.} Qf6 {[#]} 41. d6 $1 {Accuracy: White = 46%, Black = 40%.} 1-0